| 000 | 00549cam a22002053a 4500 | ||
|---|---|---|---|
| 001 | 41574 | ||
| 003 | PGUSA | ||
| 005 | 20140828083935.0 | ||
| 008 | 121207s2012||||xxu|||||s|||||000 | eng d | ||
| 040 |
_aPGUSA _beng |
||
| 042 | _adc | ||
| 100 | 1 |
_aHay, Ian, _d1876-1952 |
|
| 245 | 1 | 2 |
_aA Man's Man _h[electronic resource] / _cIan Hay |
| 260 |
_bProject Gutenberg, _c2012 |
||
| 506 | _aPublic domain in the USA. | ||
| 516 | _aElectronic text | ||
| 830 | 0 |
_aProject Gutenberg _v41574 |
|
| 856 | 4 | 0 | _uhttp://www.gutenberg.org/ebooks/41574 |
| 942 | _cEB | ||
| 999 |
_c270826 _d270826 |
||